Quality control review of single audit of the Metropolitan Transit Authority of Harris County, Texas /

Bibliographic Details
Corporate Author: United States. Department of Transportation. Office of Inspector General
Other Authors: Hedges, Earl C.
Format: Government Document eBook
Language:English
Published: [Washington, D.C.] : U.S. Dept. of Transportation, Office of the Secretary of Transportation, Office of Inspector General, [2012]
Series:Audit report (United States. Department of Transportation. Office of Inspector General) ; QC-2012-186.
Subjects:
Online Access:https://purl.fdlp.gov/GPO/gpo31071

MARC

Tag First Indicator Second Indicator Subfields
LEADER 00000cam a2200000Ia 4500
001 in00002782470
005 20211120170450.0
006 m o d f
007 cr bn|||||||||
008 121108s2012 dcu o f000 0 eng d
035 |a (OCoLC)ocn816511620 
040 |a GPO  |c GPO  |d GPO  |d MvI  |d UtOrBLW 
043 |a n-us-tx 
049 |a WWW 
074 |a 0982-L-51 (online) 
086 0 |a TD 1.1/3-2:QC-2012-186 
110 1 |a United States.  |b Department of Transportation.  |b Office of Inspector General. 
245 1 0 |a Quality control review of single audit of the Metropolitan Transit Authority of Harris County, Texas /  |c Earl C. Hedges. 
264 1 |a [Washington, D.C.] :  |b U.S. Dept. of Transportation, Office of the Secretary of Transportation, Office of Inspector General,  |c [2012] 
300 |a 1 online resource (2 pages). 
336 |a text  |b txt  |2 rdacontent 
337 |a computer  |b c  |2 rdamedia 
338 |a online resource  |b cr  |2 rdacarrier 
490 1 |a Audit report ;  |v QC-2012-186 
500 |a Title from subject line (viewed on Nov. 8, 2012). 
500 |a "Date: September 17, 2012." 
500 |a Electronic resource. 
610 1 0 |a United States.  |b Department of Transportation  |x Auditing. 
650 0 |a Local transit  |z Texas  |x Auditing. 
650 0 |a Quality control  |x Auditing. 
700 1 |a Hedges, Earl C. 
830 0 |a Audit report (United States. Department of Transportation. Office of Inspector General) ;  |v QC-2012-186. 
856 4 0 |u https://purl.fdlp.gov/GPO/gpo31071  |t 0 
999 |a MARS 
999 f f |s c27d7552-dc25-332f-9672-af2668a3c03b  |i 54ff5ba7-432d-35c2-8941-8eae2b62c381  |t 0 
952 f f |a Texas A&M University  |b College Station  |c Electronic Resources  |d Available Online  |t 0  |e TD 1.1/3-2:QC-2012-186  |h Superintendent of Documents classification 
998 f f |a TD 1.1/3-2:QC-2012-186  |t 0  |l Available Online